000 00609nam a22001935a 4500
008 161208r20152014ii a|||fr|||| 001 0 eng d
020 _a9789350996591
040 _aEG-ScBUE
_beng
_cEG-ScBUE
082 0 4 _222
_a004.35
_bDHO
100 1 _941716
_aDhotre, Iresh A.
245 _aParallel processing /
_cIresh A. Dhore.
260 _aPune, India :
_bTechnical Publication,
_c2015.
300 _a(varios pagings) :
_bill. ;
_c22 cm.
590 _aWessam
650 7 _2BUEsh
_911339
_aparallel processing (Electronic computers).
651 _2BUEsh
653 _bENGELC
_cDecember2016
942 _2ddc
_e22
_k004.35 DHO
999 _c23529
_d23501